| 000 | 00653nam a2200181Ia 4500 | ||
|---|---|---|---|
| 003 | Ost | ||
| 005 | 20260507075701.0 | ||
| 008 | 260507s9999||||xx |||||||||||||| ||und|| | ||
| 020 | _a142249957 | ||
| 040 | _cfsecg | ||
| 041 | _aara | ||
| 100 |
_aالمهتدي، اكرم محمد عرفان _eمؤلف |
||
| 245 | 0 |
_aالاساليب الكمية في اتخاذ القرارات الادارية(بحوث العمليات) / _c اكرم محمد عرفان المهتدي |
|
| 260 |
_aعمان: _bدار صفاء للنشر و التوزيع, _c2004 |
||
| 300 | _a200 صفحة؛ | ||
| 653 | _aادارة،بحوث عمليات | ||
| 942 | _cكتاب | ||
| 999 |
_c45830 _d45830 |
||